00655nam a2200169 i 450000100060000000300090000600700030001500800410001810000320005924500660009125000450015726000670020230000470026985200310031699900170034795201210036436072ES-MaACLt|030217s1945 xxk ||||1| eng d1 aBrailsford, James F.93129714aThe radiology of bones and joints / cby James F. Brailsford. a3rd ed., reprinted with minor additions. aLondon : bJ. et A. Churchil, c1945 (fThe Whitefriars Press) aXIII, 440 p., 56 lám. : bil. ; c25 cm. aES-MaACLjE-1912 bR.22743 c36072d36072 00104070aATENEOMbATENEOMcDEPO2d2008-01-17eSCl0oE-1912p1037855r2023-02-23 00:00:00w2023-02-23yMONOGRAFIA